00811nam a22002057a 45000010005000000030006000050050017000110080041000280400030000690500015000990820011001141000040001252450054001652600047002193000043002665010007003095200251003165210011005677000027005783345FISKH20240228161811.0240228b cb ||||| |||| 00| 0 eng d aFISK beng cFISK dFISK  aPZ7.G2933  a823.9  aGeorge Craighead Jean : d1919-2012 aMy Side of the Mountain /cJean Craighead George  aNew York : bJean Craighead George, c1988 a177 pages : billustrations : c18 cm  aN  aA young boy relates his adventures during the year he spends living alone in the Catskill Mountains including his struggle for survival, his dependence on nature, his animal friends, and his ultimate realization that he needs human companionship.8 a810bN aJean Craighead George